Štát a právo [vedecko-teoretický časopis]
Vedecko-teoretický časopis pre otázky vedy o štáte a práve, právnej histórie a jednotlivých právnych odvetví právnej praxe. Je určený predovšetkým vysokoškolským učiteľom a vedeckým pracovníkom, študentom doktorandského štúdia na právnických fakultách, ako aj širokej právnickej verejnosti pôsobiacej...
Guardado en:
| Autor Corporativo: | |
|---|---|
| Formato: | Seriadas |
| Lenguaje: | eslovaco inglés |
| Publicado: |
Banská Bystrica
BELIANUM
|
| Materias: | |
| Etiquetas: |
Sin Etiquetas, Sea el primero en etiquetar este registro!
|
MARC
| LEADER | 00000nas1a2200000 4500 | ||
|---|---|---|---|
| 001 | 0274656 | ||
| 005 | 20260211091330.8 | ||
| 022 | |a 2644-643X | ||
| 022 | |a 1339-7753 | ||
| 041 | 0 | |a slo | |
| 041 | 0 | |a eng | |
| 044 | |a SK | ||
| 245 | 1 | 0 | |a Štát a právo |b [vedecko-teoretický časopis] |
| 264 | 1 | |a Banská Bystrica |b BELIANUM | |
| 500 | |a V roku 2021 vychádzal v printovej verzii | ||
| 520 | |a Vedecko-teoretický časopis pre otázky vedy o štáte a práve, právnej histórie a jednotlivých právnych odvetví právnej praxe. Je určený predovšetkým vysokoškolským učiteľom a vedeckým pracovníkom, študentom doktorandského štúdia na právnických fakultách, ako aj širokej právnickej verejnosti pôsobiacej v právnej praxi a v štátnych a samosprávnych orgánoch. | ||
| 610 | 2 | 0 | |a právo štátne |
| 610 | 2 | 0 | |a právo verejné |
| 610 | 2 | 0 | |a vzťahy právne |
| 610 | 2 | 0 | |a odvetvia právne |
| 610 | 2 | 0 | |a história |
| 610 | 2 | 0 | |a legislatíva |
| 710 | 2 | |a Univerzita Mateja Bela. Právnická fakulta | |